000 00661cam a2200229 4500500
005 20260329003946.0
041 _afre
042 _adc
100 1 0 _aTenaillon, Nicolas
_eauthor
245 0 0 _aVaghezza
260 _c2017.
500 _a34
690 _aEsthétique
690 _aHistoire de l’art
690 _aItalien
690 _aLeon Battista Alberti
690 _aLéonard de Vinci
690 _aNicolas Tenaillon
690 _aVaghezza
786 0 _nPhilosophie magazine | 113 | 10 | 2017-10-01 | p. 44-44 | 1951-1787
856 4 1 _uhttps://shs.cairn.info/magazine-philosophie-magazine-2017-10-page-44?lang=fr&redirect-ssocas=7080
999 _c1829288
_d1829288